Yog dhara (Record no. 310434)

MARC details
000 -LEADER
fixed length control field 00509 a2200205 4500
005 - DATE & TIME
control field 20240709094956.0
008 - FIXED-LENGTH DATA ELEMENTS--GENERAL INFORMATION
fixed length control field 240709b |||||||| |||| 00| 0 eng d
020 ## - ISBN
International Standard Book Number 9788195386710
Price Rs. 275.00
040 ## - CATALOGING SOURCE
Original cataloging agency VIVEKANANDA LIBRARY
082 ## - DDC NUMBER
Classification number 181.45
Book Number J78Y
100 ## - MAIN ENTRY--PERSONAL NAME
Personal name Joshi, Kanchan
245 ## - TITLE STATEMENT
Title Yog dhara
260 ## - PUBLICATION, DISTRIBUTION, ETC. (IMPRINT)
Name of publisher, distributor, etc Kitab Mahal Publishers
Date of publication, distribution, etc 2021
Place of publication, distribution, etc New Delhi
300 ## - PHYSICAL DESCRIPTION
Pages xvi, 296
650 ## - Subject
Subject Yoga
650 ## - Subject
Subject Spiritual Life-Yoga
650 ## - Subject
Subject Meditation
650 ## - Subject
Subject Yoga-Health Aspects
942 ## - ADDED ENTRY ELEMENTS (KOHA)
Koha item type Books
Holdings
Withdrawn status Lost status Source of classification or shelving scheme Damaged status Not for loan Location (home branch) Sublocation or collection (holding branch) Shelving location Date acquired Koha issues (times borrowed) Koha full call number Accession No. Koha date last seen Koha item type
    Dewey Decimal Classification     VIVEKANANDA LIBRARY VIVEKANANDA LIBRARY Vivekananda Library 17/02/2024 2 181.45 J78Y 409550 24/12/2025 Books
    Dewey Decimal Classification     VIVEKANANDA LIBRARY VIVEKANANDA LIBRARY Vivekananda Library 17/02/2024 1 181.45 J78Y 409551 05/01/2026 Books
    Dewey Decimal Classification     VIVEKANANDA LIBRARY VIVEKANANDA LIBRARY Vivekananda Library 17/02/2024   181.45 J78Y 409553 17/02/2024 Books
    Dewey Decimal Classification     VIVEKANANDA LIBRARY VIVEKANANDA LIBRARY Vivekananda Library 17/02/2024   181.45 J78Y 409552 17/02/2024 Books
    Dewey Decimal Classification     VIVEKANANDA LIBRARY VIVEKANANDA LIBRARY Vivekananda Library 17/02/2024 1 181.45 J78Y 409549 19/12/2024 Books
© Designed and Maintained by Vivekananda Library, MDU Rohtak